Loading...
| Mythology | 0 | 4 | 1 | 1 | 35 | 54 | 86.00 | 0 | 1 | 15.20 | 16.11 |
| Fine Arts - Classical Music | 0 | 2 | 0 | 0 | 20 | 75 | 96.50 | 0 | 1 | 6.52 | 13.78 |
| Literature - European | 0 | 2 | 0 | 0 | 20 | 48 | 78.50 | 1 | 1 | 8.92 | 12.50 |
| History - World | 0 | 2 | 0 | 0 | 20 | 28 | 51.00 | 1 | 1 | 11.71 | 15.00 |
| Fine Arts - Visual | 0 | 2 | 1 | 0 | 15 | 108 | 110.00 | 0 | 2 | 4.32 | 13.94 |
| History - Other | 0 | 1 | 0 | 0 | 10 | 51 | 51.00 | 1 | 1 | 5.75 | 9.00 |
| Literature - World/Other | 0 | 1 | 0 | 0 | 10 | 100 | 100.00 | 0 | 0 | 3.24 | 2.00 |
| Literature - British | 0 | 1 | 1 | 0 | 5 | 69 | 69.00 | 1 | 1 | 5.04 | 10.00 |
| Fine Arts - Other | 0 | 1 | 1 | 0 | 5 | 11 | 11.00 | 1 | 1 | 9.11 | 10.00 |
| Religion | 0 | 0 | 1 | 0 | -5 | 0.00 | 0 | 0 | 0.00 | 0.00 |